000 00509nam a2200169 4500
005 20251020150604.0
008 251020b |||||||| |||| 00| 0 eng d
020 _a9786214500536
082 _aDFil 899.2112092 D394 2021
100 _ade Mesa, Njel.
_968921
245 _aMga dula ni Njel De Mesa /
_cNjel de Mesa.
260 _aMaynila :
_bKWF Publikasyon,
_c©2021.
300 _axii, 279 pages ;
_c22 cm.
650 0 _aDe Mesa, Nje
_vDrama.
_968922
650 0 _aFilipino drama.
_968923
942 _2ddc
_cDFIL
999 _c24081
_d24081